Alle deutschen Städte mit I - Statistiken

Allgemein
  • Dieses Quiz wurde 893 mal gespielt
  • Das Durchschnittsergebnis liegt bei 8 aus 18
Antwortstatistiken
Einwohner Stadt BL % Korrekt
136.952 Ingolstadt BY
98%
91.815 Iserlohn NW
83%
38.637 Ilmenau TH
74%
31.796 Itzehoe SH
69%
28.313 Idar-Oberstein RP
64%
51.526 Ibbenbüren NW
62%
35.161 Ingelheim am Rhein RP
62%
17.559 Illertissen BY
50%
25.241 Idstein HE
48%
14.321 Isny im Allgäu BW
40%
14.312 Immenstadt im Allgäu BY
39%
9.558 Ilsenburg (Harz) ST
24%
10.758 Isselburg NW
19%
7.031 Immenhausen HE
13%
4.725 Iphofen BY
13%
9.174 Ichenhausen BY
10%
6.787 Ilshofen BW
6%
5.476 Ingelfingen BW
6%
Keine übereinstimmenden Quizze gefunden
Verteilung der Resultate
Anzahl Personen mit jedem Resultat
Perzentil nach korrekt beantworteten Fragen
Ihre Resultats-Entwicklung
Sie haben dieses Quiz noch nicht gespielt